000 03079cam a22005534i 4500
003 PE-LiUPU
005 20250731180148.0
008 150706s2012 sp a r 000 0 spa d
020 _a9788434400955
035 _a(Sirsi) i9788434400955
040 _aPE-LiUPU
_bspa
_cPE-LiUPU
_erda
049 _aPRUA
082 0 4 _a551.22
_bJ11
_221
100 1 _aJha, Alok,
_eautor.
245 1 0 _a50 maneras de destruir el mundo /
_cAlok Jha.
246 _aCiencuenta maneras de destruir el mundo
264 1 _aBarcelona :
_bAriel,
_c2012.
300 _a272 páginas :
_bilustraciones ;
_c23 centimetros
336 _atext
_2rdacontent
337 _aunmediated
_2rdamedia
338 _avolume
_2rdacarrier
505 0 _aExtinción masiva -- Pandemia global -- La máquina del juicio final -- Destrucción mutua asegurada -- Terrorismo -- Muerte por euforia -- Superpoblación -- Espiral mortal de la población -- Ciberguerra -- Desastre biotecnológico -- Desastre nanotecnológico -- Superinteligencia artificial -- Transhumanismo -- La muerte de las abejas -- Especies invasoras -- La desertificación -- La crisis alimentaria mundial del planeta -- Las guerras del agua -- Agotamiento de los recursos -- Colapso ambiental -- Aumento del nivel del mar -- El cierre de la corriente del Golfo -- La Tierra bola de nieve -- Contaminación química -- La destrucción del ozono -- Impacto de un asteroide Megatsunamis Supervolcanes Agotamiento del oxígeno Reversión geomagnética Supertormentas -- Tormentas solares -- Desplazamiento polar -- Polvo espacial mortal -- Agujero negro errante -- Rayos gamma del espacio -- Decaimiento del vacío -- Colisión solar -- Los científicos crean un agujero negro -- Extraterrestres hostiles -- Muerte del Sol -- Colisión galáctica -- El fin del tiempo -- Strangelets -- Superhumanos genéticos -- Disgenesia -- Desintegración de las células orgánicas -- Todo ha sido un sueño -- Extinción de la información -- Incógnitas desconocidas.
526 _aSEG44
526 _aSEG26
526 _aP159
526 _aP155
526 _aP154
526 _aP153
526 _aP150
526 _aP100
526 _aP31
526 _aP30
526 _aP26
526 _aP25
526 _aP24
526 _aP22
526 _aP15
526 _aP10
541 _g015-0014331;
650 0 4 _aCatástrofes
_vObras de divulgación.
650 0 4 _aMedio ambiente
_xDegradación
_xObras de divulgación .
700 1 _aNoriega, Luis y Pedrosa, Francesc,
_etr.
910 _agl20121009
942 _2ddc
_cBOOK
949 _a551.22 J11
_wDEWEY
_c1
_i65506
_lCCODEBUL1
_mBUL
_p38.00
_r0
_sY
_tBOOK
_u2015-7-6
_xINGENIERIA
_PP24
_o.STAFF. Colección General
994 _aC0
_bPEPRU
596 _a1
999 _a551.22 J11
_wDEWEY
_c53991
_i65506
_d53991
_e2019-3-26
_f2021-11-9
_g8
_lCCODEBUL1
_mBUL
_n13
_p38.00
_q2
_r0
_sY
_tBOOK
_u2015-7-6
_xINGENIERIA
_PP24
_0COMPRA
_o.STAFF. Colección Ingeniería y Arquitectura
980 _81
_gALBERTO SANCHEZ Responsable de Automatización